[Event "II Weekend Open"]
[Site "Omegna ITA"]
[Date "2014.08.10"]
[Round "5"]
[White "Pivari, Flavio"]
[Black "Rigotti, Gianluigi"]
[WhiteElo "1410"]
[BlackElo "1606"]
[Result "1-0"]
[PlyCount "78"]
[EventDate "2014.08.08"]

1. e4 e5 2. Nf3 Nc6 3. Bb5 a6 4. Ba4 Nf6 5. O-O Be7 6. Re1 b5 7. Bb3 d6 8. c3
O-O 9. d4 exd4 10. cxd4 Bg4 11. d5 Ne5 12. Nbd2 c5 13. dxc6 Nxc6 14. h3 Bh5 15.
Bd5 Nxd5 16. exd5 Nb4 17. Nf1 Bxf3 18. Qxf3 Nc2 19. Rxe7 Qxe7 20. Rb1 Nd4 21.
Qd3 Ne2+ 22. Kh1 Nxc1 23. Rxc1 Rac8 24. Rc6 Rxc6 25. dxc6 Qc7 26. Qd5 Rc8 27.
Ne3 Qxc6 28. Qg5 Qc1+ 29. Kh2 Qxb2 30. Nf5 Re8 31. f4 Qf6 32. Qg4 Qg6 33. Ne7+
Kf8 34. Nxg6+ hxg6 35. Qd7 Re6 36. Qc8+ Ke7 37. Qxa6 Rf6 38. Qxb5 Re6 39. Qg5+
Rf6 1-0

[Event "II Weekend Open"]
[Site "Omegna ITA"]
[Date "2014.08.10"]
[Round "5"]
[White "Puricelli, Giancarlo"]
[Black "Castiglioni, Fabrizio"]
[WhiteElo "1683"]
[BlackElo "1797"]
[Result "1-0"]
[PlyCount "58"]
[EventDate "2014.08.08"]

1. d4 Nf6 2. c4 e5 3. e3 d5 4. dxe5 Ng4 5. Nf3 Nc6 6. Qxd5 Qe7 7. Nc3 Be6 8.
Qb5 O-O-O 9. h3 a6 10. Qb3 Ngxe5 11. Nxe5 Nxe5 12. Be2 g6 13. O-O h5 14. e4 Qh4
15. Be3 Bd6 16. Nd5 Ng4 17. c5 Nxe3 18. Qxe3 Bxd5 19. cxd6 Bxe4 20. dxc7 Kxc7
21. Rac1+ Kb8 22. f3 Bc6 23. Rxc6 bxc6 24. Qb6+ Ka8 25. Qxa6+ Kb8 26. Qb6+ Ka8
27. Qxc6+ Kb8 28. Qb6+ Ka8 29. f4 Qe7 1-0

[Event "II Weekend Open"]
[Site "Omegna ITA"]
[Date "2014.08.10"]
[Round "5"]
[White "Recanatini, Italo"]
[Black "Amoros, Pierre"]
[WhiteElo "1800"]
[BlackElo "1612"]
[Result "1-0"]
[PlyCount "89"]
[EventDate "2014.08.08"]

1. e4 d5 2. exd5 Qxd5 3. Nc3 Qa5 4. d4 c6 5. Bd2 Qc7 6. Nf3 Bg4 7. Be2 Bxf3 8.
Bxf3 e6 9. O-O Nf6 10. Ne4 Nxe4 11. Bxe4 Nd7 12. c3 Be7 13. Qc2 Nf6 14. Bf3 O-O
15. Rfe1 b5 16. Bg5 Rad8 17. b4 Nd5 18. Bxe7 Qxe7 19. a4 a6 20. axb5 axb5 21.
Ra6 Qb7 22. Ra2 Ra8 23. Bxd5 cxd5 24. Rea1 Rxa2 25. Rxa2 Ra8 26. f3 g6 27. Qb3
Rxa2 28. Qxa2 Qc6 29. Qd2 Qc4 30. Kf2 Kg7 31. g4 h6 32. h4 f6 33. h5 g5 34. Qc2
Qc7 35. Qg6+ Kh8 36. Qxf6+ Kg8 37. Qg6+ Kh8 38. Qf6+ Kh7 39. Qg6+ Kh8 40. Qxh6+
Kg8 41. Qxe6+ Kh7 42. Qg6+ Kh8 43. Qh6+ Kg8 44. Qxg5+ Kh8 45. Qe5+ 1-0

[Event "II Weekend Open"]
[Site "Omegna ITA"]
[Date "2014.08.10"]
[Round "5"]
[White "Resch, Aaron"]
[Black "Trisconi, Alessio"]
[WhiteElo "1741"]
[BlackElo "1440"]
[Result "1-0"]
[PlyCount "106"]
[EventDate "2014.08.08"]

1. g3 Nf6 2. Bg2 c6 3. b3 d5 4. Bb2 Bf5 5. d3 Nbd7 6. Nd2 Bg6 7. e3 e5 8. Ne2
Bd6 9. h3 Qc7 10. Nc3 O-O 11. e4 d4 12. Ne2 Bb4 13. O-O Qa5 14. Nc4 Qc7 15. a3
Be7 16. Kh2 b5 17. Nd2 Ne8 18. f4 exf4 19. Nxf4 Rc8 20. Bxd4 c5 21. Nd5 Qd6 22.
e5 Qe6 23. Bb2 Nc7 24. Nxe7+ Qxe7 25. Re1 Bf5 26. Rc1 Be6 27. Ne4 Rfd8 28. Qf3
Ne8 29. Re2 b4 30. a4 a5 31. Rf1 Rc7 32. Qe3 Rdc8 33. Ref2 Rb8 34. Ng5 Nf8 35.
Nxe6 Qxe6 36. Qe4 Rd8 37. Qc4 Qxc4 38. bxc4 Rdd7 39. Bd5 Re7 40. Bc1 Ne6 41.
Be3 Nd4 42. Bxd4 cxd4 43. Rf4 g6 44. Kg2 Kf8 45. Re1 Ng7 46. g4 Ne6 47. Bxe6
Rxe6 48. Rxd4 Rce7 49. Rde4 f6 50. exf6 Rxe4 51. fxe7+ Rxe7 52. Rxe7 Kxe7 53.
Kf3 Ke6 1-0

[Event "II Weekend Open"]
[Site "Omegna ITA"]
[Date "2014.08.10"]
[Round "5"]
[White "Schgaguler, Gunther"]
[Black "Koureas, Panicos"]
[WhiteElo "1593"]
[BlackElo "1417"]
[Result "1-0"]
[PlyCount "138"]
[EventDate "2014.08.08"]

1. e4 e5 2. Nf3 Nc6 3. Bb5 a6 4. Ba4 Nf6 5. O-O Be7 6. Re1 b5 7. Bb3 O-O 8. a3
d5 9. d3 Bg4 10. Nbd2 dxe4 11. dxe4 Nd4 12. c3 Nxb3 13. Qxb3 Nd7 14. Qc2 Bc5
15. h3 Bh5 16. Nh2 Qf6 17. Ndf3 h6 18. Be3 Bxe3 19. Rxe3 Nc5 20. b4 Nb7 21. c4
Nd6 22. cxb5 Nxb5 23. Qc5 Nd4 24. Nxd4 exd4 25. Rd3 Be2 26. e5 Qg6 27. Rxd4
Rad8 28. Rxd8 Rxd8 29. Re1 Rd1 30. Rxd1 Bxd1 31. Qe3 Qb1 32. Qe1 Qd3 33. Nf1
Ba4 34. e6 fxe6 35. Qxe6+ Kh7 36. Qe3 Qc4 37. Ng3 Qd5 38. Qe4+ Qxe4 39. Nxe4
Kg6 40. Nc5 Bb5 41. Kh2 Kf6 42. g4 Ke5 43. Kg3 g5 44. h4 Be2 45. hxg5 hxg5 46.
f3 Bc4 47. Nd7+ Kd4 48. Nc5 a5 49. Ne4 axb4 50. axb4 Bg8 51. Nxg5 Kc4 52. f4
Kxb4 53. Ne4 Kc4 54. f5 Kd4 55. Kf4 Bd5 56. f6 Bf7 57. g5 Kd5 58. Kf5 Be6+ 59.
Kg6 Kxe4 60. f7 Bxf7+ 61. Kxf7 c5 62. g6 c4 63. g7 c3 64. g8=Q Kd3 65. Qg1 Kc2
66. Qf2+ Kb3 67. Qe3 Kb2 68. Qd4 Kc2 69. Qd5 Kb2 1-0

[Event "II Weekend Open"]
[Site "Omegna ITA"]
[Date "2014.08.10"]
[Round "5"]
[White "Schingaro, Angelo"]
[Black "Scalfi, Agostino"]
[WhiteElo "1702"]
[BlackElo "1824"]
[Result "1-0"]
[PlyCount "25"]
[EventDate "2014.08.08"]

1. e4 e5 2. Nf3 Nc6 3. d4 exd4 4. Nxd4 Nge7 5. Nc3 Ne5 6. Be2 a6 7. Be3 N7g6 8.
a3 d6 9. O-O Be7 10. b4 Be6 11. f4 Nc4 12. Bc1 c5 13. Nxe6 1-0

[Event "II Weekend Open"]
[Site "Omegna ITA"]
[Date "2014.08.10"]
[Round "5"]
[White "Tencheni, Maurizio"]
[Black "Sajjadi, Kimiya"]
[WhiteElo "1740"]
[BlackElo "1531"]
[Result "1/2-1/2"]
[PlyCount "102"]
[EventDate "2014.08.08"]

1. b3 d5 2. Bb2 Nc6 3. e3 a6 4. f4 Bf5 5. a3 e6 6. Nf3 Nf6 7. Nc3 Bc5 8. Nh4
Bg4 9. Be2 Bxe2 10. Qxe2 d4 11. Na4 Ba7 12. b4 O-O 13. Nf3 dxe3 14. dxe3 Qe7
15. Ne5 Nxe5 16. Bxe5 Nd5 17. Bd4 Nxf4 18. exf4 Bxd4 19. c3 Ba7 20. O-O-O Rad8
21. Kc2 b5 22. Nb2 c5 23. Nd3 cxb4 24. axb4 Rc8 25. Kb3 Rc7 26. Rc1 Rfc8 27.
Rc2 Qd6 28. Rhc1 Bb6 29. Qe5 Qxe5 30. Nxe5 Be3 31. Rf1 Bd4 32. Rf3 g6 33. Ng4
Kg7 34. Rd3 Bf6 35. Nxf6 Kxf6 36. Rd6 Rc6 37. Rxc6 Rxc6 38. c4 Kf5 39. g3 g5
40. c5 f6 41. Rd2 e5 42. fxg5 fxg5 43. Rd7 h6 44. Rf7+ Ke6 45. Rh7 Kf5 46. Rf7+
Kg6 47. Re7 Kf6 48. Rh7 Kf5 49. Rf7+ Ke6 50. Rh7 Kf5 51. Rf7+ Ke6 1/2-1/2

[Event "XXV Festival A"]
[Site "Porto San Giorgio ITA"]
[Date "2014.08.22"]
[Round "1"]
[White "Bardone, Lorenzo"]
[Black "Naumkin, Igor"]
[WhiteElo "2072"]
[BlackElo "2448"]
[Result "0-1"]
[PlyCount "80"]
[EventDate "2014.08.22"]

1. e4 e6 2. d4 d5 3. exd5 exd5 4. Nf3 c5 5. Bb5+ Nc6 6. O-O Nf6 7. Nc3 Be7 8.
dxc5 Bxc5 9. Bg5 Be6 10. Bxf6 gxf6 11. Re1 Kf8 12. Qd2 Rg8 13. Rad1 Bg4 14.
Qh6+ Rg7 15. Rxd5 Bxf3 16. Rxd8+ Rxd8 17. Bxc6 Bxc6 18. g3 Rd6 19. Rd1 Re6 20.
Nd5 f5 21. Nf6 Be7 22. Nxh7+ Kg8 23. Qh5 Be4 24. f3 Rxh7 25. Qxh7+ Kxh7 26.
fxe4 fxe4 27. Rd7 Bc5+ 28. Kf1 Rf6+ 29. Ke1 e3 30. Rxb7 Rf2 31. c3 Kg6 32. b4
Bd6 33. Rd7 Rd2 34. Rxa7 Rxh2 35. Ra6 Rd2 36. c4 Kf5 37. Rxd6 Rxd6 38. c5 Rd4
39. a3 Ke4 40. c6 Ke5 0-1

[Event "XXV Festival A"]
[Site "Porto San Giorgio ITA"]
[Date "2014.08.22"]
[Round "1"]
[White "Borgo, Giulio"]
[Black "Movileanu, Daniela"]
[WhiteElo "2381"]
[BlackElo "2051"]
[Result "1-0"]
[PlyCount "83"]
[EventDate "2014.08.22"]

1. Nf3 Nf6 2. g3 c5 3. c4 Nc6 4. Bg2 d5 5. cxd5 Nxd5 6. Nc3 Nc7 7. O-O e5 8. a3
Rb8 9. Rb1 f6 10. d3 Be7 11. Be3 Be6 12. Qa4 O-O 13. Rfc1 b5 14. Qd1 Nd4 15.
Ne4 Bb3 16. Qe1 Nce6 17. Bd2 Nc2 18. Qd1 Ncd4 19. Qe1 Nc2 20. Qd1 Ncd4 21. Qf1
f5 22. Nc3 b4 23. Nxd4 Nxd4 24. axb4 cxb4 25. Nd1 f4 26. Ra1 Qd7 27. Ra5 f3 28.
exf3 Bd5 29. Be3 Bxf3 30. Bxd4 Qxd4 31. Rc4 Bxg2 32. Kxg2 Qd7 33. Qe2 Bf6 34.
Ne3 Qb7+ 35. Nd5 Bd8 36. Rac5 Bb6 37. Rb5 Qa8 38. f3 Bd8 39. Rbc5 Bf6 40. Qe4
a5 41. Rc7 Rbd8 42. R4c6 1-0

[Event "XXV Festival A"]
[Site "Porto San Giorgio ITA"]
[Date "2014.08.22"]
[Round "1"]
[White "Dobboletta, Alex"]
[Black "Bruno, Fabio"]
[WhiteElo "2052"]
[BlackElo "2428"]
[Result "0-1"]
[PlyCount "72"]
[EventDate "2014.08.22"]

1. Nf3 d5 2. b3 Bf5 3. Bb2 e6 4. g3 Nf6 5. Bg2 Be7 6. O-O O-O 7. c4 Nbd7 8. d4
Ne4 9. Nfd2 Ndf6 10. f3 Nxd2 11. Nxd2 Bg6 12. e4 dxe4 13. fxe4 e5 14. d5 Bc5+
15. Kh1 Qe7 16. Qe1 Rfe8 17. Bh3 Bb4 18. Bf5 Bxd2 19. Qxd2 Nxe4 20. Qe2 Nd6 21.
Bxg6 hxg6 22. Rae1 f6 23. Qg4 g5 24. c5 Nf7 25. Qc4 Rad8 26. Rc1 e4 27. Rfe1 b5
28. Qxb5 Rxd5 29. Qa4 e3 30. Qc4 c6 31. Re2 Nh6 32. Rce1 Nf5 33. g4 Nh4 34.
Rxe3 Qxe3 35. Rxe3 Rxe3 36. Qc1 Red3 0-1

[Event "XXV Festival A"]
[Site "Porto San Giorgio ITA"]
[Date "2014.08.22"]
[Round "1"]
[White "Drasko, Milan"]
[Black "Schweizer, Manfred"]
[WhiteElo "2437"]
[BlackElo "2059"]
[Result "1-0"]
[PlyCount "82"]
[EventDate "2014.08.22"]

1. Nf3 d6 2. d4 g6 3. g3 Bg7 4. Bg2 Nf6 5. O-O O-O 6. c4 Nbd7 7. Qc2 e5 8. Rd1
Re8 9. e4 c6 10. Nc3 Qc7 11. h3 a5 12. Be3 b5 13. a3 bxc4 14. dxe5 dxe5 15. Na4
Ba6 16. Bf1 c5 17. Bxc4 Bxc4 18. Qxc4 Nb6 19. Nxb6 Qxb6 20. Nd2 Bf8 21. Qc2
Rab8 22. Nc4 Qb3 23. Qxb3 Rxb3 24. f3 Nh5 25. Kf2 f5 26. g4 fxg4 27. hxg4 Nf4
28. Bxf4 exf4 29. Rd5 a4 30. Rad1 Be7 31. Kg2 Reb8 32. R1d2 Kf8 33. Rd7 R3b7
34. R7d3 Ke8 35. Kf1 Rb3 36. Ke2 Kf8 37. Rxb3 Rxb3 38. Rd5 Ke8 39. Kf2 Rb8 40.
Rd1 Rb3 41. Rh1 Kf8 1-0

[Event "XXV Festival A"]
[Site "Porto San Giorgio ITA"]
[Date "2014.08.22"]
[Round "1"]
[White "Godena, Michele"]
[Black "Carnicelli, Valerio"]
[WhiteElo "2513"]
[BlackElo "2102"]
[Result "1/2-1/2"]
[PlyCount "41"]
[EventDate "2014.08.22"]

1. e4 e5 2. Nf3 Nc6 3. Bc4 Bc5 4. c3 Nf6 5. d4 exd4 6. e5 d5 7. Be2 Ne4 8. cxd4
Bb4+ 9. Bd2 Nxd2 10. Nbxd2 O-O 11. O-O Ne7 12. Nb3 Ng6 13. a3 Be7 14. Qd2 c6
15. Rae1 Bf5 16. Bd3 Qd7 17. Nc1 Rae8 18. Bxf5 Qxf5 19. Ne2 Bd8 20. Ng3 Qd7 21.
Re2 1/2-1/2

[Event "XXV Festival A"]
[Site "Porto San Giorgio ITA"]
[Date "2014.08.22"]
[Round "1"]
[White "Messina, Roberta"]
[Black "Draskovic, Luka"]
[WhiteElo "2042"]
[BlackElo "2337"]
[Result "0-1"]
[PlyCount "86"]
[EventDate "2014.08.22"]

1. Nf3 Nf6 2. c4 e6 3. g3 b6 4. Bg2 Bb7 5. O-O c5 6. Nc3 a6 7. d4 cxd4 8. Nxd4
Bxg2 9. Kxg2 Qc8 10. Qd3 d6 11. e4 Be7 12. f4 O-O 13. b3 Nbd7 14. Qf3 Qb7 15.
g4 g6 16. h4 Rfe8 17. h5 Bf8 18. hxg6 hxg6 19. Bb2 Bg7 20. g5 Nh5 21. Nde2 b5
22. cxb5 axb5 23. Rad1 b4 24. Na4 Bxb2 25. Nxb2 Nc5 26. Rxd6 Rxa2 27. Nc4 Qxe4
28. Rd2 Rxd2 29. Nxd2 Qc2 30. Rc1 Qxd2 31. Rxc5 Qxe2+ 32. Qxe2 Nxf4+ 33. Kf2
Nxe2 34. Kxe2 Rd8 35. Rc4 Rd5 36. Rg4 Kf8 37. Ke3 Ke7 38. Rxb4 Rxg5 39. Rb7+
Kf6 40. b4 Rg1 41. b5 g5 42. b6 Rb1 43. Rb8 Ke5 0-1

[Event "XXV Festival A"]
[Site "Porto San Giorgio ITA"]
[Date "2014.08.22"]
[Round "1"]
[White "Mogranzini, Roberto"]
[Black "Gueci, Tea"]
[WhiteElo "2496"]
[BlackElo "2074"]
[Result "1-0"]
[PlyCount "115"]
[EventDate "2014.08.22"]

1. Nf3 Nf6 2. c4 g6 3. b3 c5 4. Bb2 Bg7 5. g3 b6 6. Bg2 Bb7 7. O-O O-O 8. Nc3
Nc6 9. d4 cxd4 10. Nxd4 Rc8 11. Nc2 Na5 12. Ne3 Bxg2 13. Kxg2 d6 14. Qd2 Qd7
15. Ncd5 Nxd5 16. cxd5 Bxb2 17. Qxb2 Rc7 18. Rad1 Rfc8 19. Qd4 Qb5 20. Rd2 Nb7
21. h4 Qc5 22. Qf4 Qc3 23. Rfd1 Qe5 24. b4 Qxf4 25. gxf4 a5 26. a3 Rc3 27. Rd3
b5 28. R1d2 axb4 29. axb4 e6 30. Rxc3 Rxc3 31. Ra2 Kf8 32. Ra7 Rc7 33. Ra6 Ke7
34. Rb6 Nd8 35. Rxb5 Rb7 36. Rxb7+ Nxb7 37. Kf1 Kd7 38. Ke1 Kc7 39. Kd2 Kb6 40.
Kc3 Kb5 41. Kb3 Nd8 42. Kc3 Nb7 43. Nc2 exd5 44. Kd4 Kc6 45. Ne3 Nd8 46. Nxd5
Ne6+ 47. Kc4 Ng7 48. b5+ Kb7 49. e4 h6 50. Nf6 Ne6 51. Ne8 Nxf4 52. Nxd6+ Kc7
53. Nxf7 h5 54. e5 Ne6 55. Kd5 Nf4+ 56. Ke4 Ng2 57. e6 Nxh4 58. b6+ 1-0

[Event "XXV Festival A"]
[Site "Porto San Giorgio ITA"]
[Date "2014.08.22"]
[Round "1"]
[White "Moroni, Luca jr"]
[Black "Varvaglione, Antonio"]
[WhiteElo "2344"]
[BlackElo "2048"]
[Result "1-0"]
[PlyCount "47"]
[EventDate "2014.08.22"]

1. Nf3 Nf6 2. c4 g6 3. b3 Bg7 4. Bb2 O-O 5. g3 d6 6. d4 Nbd7 7. Bg2 e5 8. dxe5
Ng4 9. O-O Ndxe5 10. Nc3 Re8 11. Qd2 Be6 12. Rad1 c6 13. h3 Nxf3+ 14. Bxf3 Ne5
15. Bg2 Qa5 16. f4 Nd7 17. Ne4 Qb6+ 18. Kh2 Bxb2 19. Qxb2 Bxc4 20. Rxd6 Rxe4
21. Bxe4 Re8 22. Bf3 Nc5 23. Qd4 Bxe2 24. Re1 1-0

[Event "XXV Festival A"]
[Site "Porto San Giorgio ITA"]
[Date "2014.08.22"]
[Round "1"]
[White "Sonis, Francesco"]
[Black "Aleksic, Nenad"]
[WhiteElo "2050"]
[BlackElo "2348"]
[Result "1/2-1/2"]
[PlyCount "56"]
[EventDate "2014.08.22"]

1. e4 c5 2. c3 b6 3. d4 Bb7 4. Nd2 cxd4 5. cxd4 Nf6 6. Bd3 Nc6 7. Ngf3 Nb4 8.
Bb1 Ba6 9. a3 Nd3+ 10. Bxd3 Bxd3 11. e5 Ne4 12. Nxe4 Bxe4 13. O-O Bd5 14. Re1
e6 15. Ng5 g6 16. Qg4 Bg7 17. Bd2 a5 18. Rac1 Rc8 19. Rxc8 Qxc8 20. Rc1 Qb7 21.
f3 O-O 22. Qh4 h6 23. Nh3 Kh7 24. Ng5+ Kg8 25. Nh3 h5 26. Bg5 Rc8 27. Qf4 b5
28. Bf6 Rxc1+ 1/2-1/2

[Event "XXV Festival A"]
[Site "Porto San Giorgio ITA"]
[Date "2014.08.22"]
[Round "1"]
[White "Tomasini, Giovanni"]
[Black "Romanishin, Oleg M."]
[WhiteElo "2092"]
[BlackElo "2509"]
[Result "0-1"]
[PlyCount "64"]
[EventDate "2014.08.22"]

1. e4 c5 2. Nf3 e6 3. d4 cxd4 4. Nxd4 Nc6 5. Be3 Nf6 6. Bd3 d5 7. Nxc6 bxc6 8.
e5 Nd7 9. f4 Bc5 10. Bxc5 Nxc5 11. O-O O-O 12. Kh1 f5 13. Nd2 Rb8 14. Nb3 Na4
15. Rb1 c5 16. c4 d4 17. Rf3 Bd7 18. Rh3 g6 19. Qf3 Rf7 20. Qf2 Bc6 21. Qe1 Rg7
22. Qf2 Kh8 23. Rh6 Qe7 24. h4 Rf7 25. Qg3 Kg7 26. Qg5 Be4 27. Bxe4 fxe4 28.
Nd2 Qxg5 29. fxg5 Nc3 30. bxc3 Rxb1+ 31. Nxb1 e3 32. Na3 e2 0-1

[Event "XXV Festival A"]
[Site "Porto San Giorgio ITA"]
[Date "2014.08.23"]
[Round "2"]
[White "Bruno, Fabio"]
[Black "Teutsch, Alexander"]
[WhiteElo "2428"]
[BlackElo "2149"]
[Result "1-0"]
[PlyCount "49"]
[EventDate "2014.08.22"]

1. d4 Nf6 2. Nf3 c5 3. d5 e6 4. Nc3 exd5 5. Nxd5 Nxd5 6. Qxd5 d6 7. Ng5 Qe7 8.
Bf4 Nc6 9. O-O-O Nb4 10. Qf3 d5 11. e4 h6 12. Bb5+ Bd7 13. Bxd7+ Qxd7 14. exd5
hxg5 15. Rhe1+ Kd8 16. Bxg5+ Kc8 17. a3 Na6 18. d6 Rb8 19. Re7 Bxe7 20. dxe7
Nc7 21. Rxd7 Kxd7 22. Qxf7 Rbe8 23. Qf5+ Kc6 24. h4 Nb5 25. Qe6+ 1-0

[Event "XXV Festival A"]
[Site "Porto San Giorgio ITA"]
[Date "2014.08.23"]
[Round "2"]
[White "Cacciola, Alfredo"]
[Black "Borgo, Giulio"]
[WhiteElo "2148"]
[BlackElo "2381"]
[Result "0-1"]
[PlyCount "70"]
[EventDate "2014.08.22"]

1. e4 Nc6 2. Nf3 d5 3. exd5 Qxd5 4. Nc3 Qa5 5. d4 Bg4 6. Bb5 O-O-O 7. Bxc6 bxc6
8. Qd3 f6 9. Qe4 Bd7 10. O-O g5 11. b4 Qxb4 12. Bd2 Qc4 13. Rab1 Nh6 14. Nb5
Bf5 15. Nxa7+ Kd7 16. Qe3 e6 17. Rfe1 Ng4 18. Qb3 Qxb3 19. Rxb3 Ra8 20. h3 Nh6
21. Nxc6 Kxc6 22. g4 Nxg4 23. hxg4 Bxg4 24. c4 Rxa2 25. d5+ exd5 26. cxd5+ Kd7
27. Bc3 Bxf3 28. Bxf6 Bc5 29. Rxf3 Rf8 30. Kg2 g4 31. Rf4 Bd6 32. Rf5 g3 33.
Re6 Rxf2+ 34. Rxf2 gxf2 35. Kxf2 c6 0-1

[Event "XXV Festival A"]
[Site "Porto San Giorgio ITA"]
[Date "2014.08.23"]
[Round "2"]
[White "Dragojlovic, Andjelko"]
[Black "Calandri, Fausto"]
[WhiteElo "2295"]
[BlackElo "2107"]
[Result "1/2-1/2"]
[PlyCount "140"]
[EventDate "2014.08.22"]

1. Nf3 Nf6 2. b3 e6 3. Bb2 b6 4. g3 Bb7 5. Bg2 Be7 6. O-O O-O 7. c4 c5 8. Nc3
d6 9. d4 cxd4 10. Qxd4 a6 11. Rfd1 Nbd7 12. Ng5 Bxg2 13. Kxg2 Qc7 14. f3 Rfd8
15. Nce4 h6 16. Nh3 Nc5 17. Nhf2 Ncxe4 18. Nxe4 d5 19. cxd5 Rxd5 20. Qc3 Qxc3
21. Nxc3 Rxd1 22. Rxd1 Kf8 23. e4 Rd8 24. Rxd8+ Bxd8 25. Na4 Nd7 26. Bd4 b5 27.
Nc3 Bb6 28. Bxb6 Nxb6 29. f4 f6 30. Kf3 Ke7 31. Ke3 Kd6 32. Kd4 e5+ 33. Kd3 Nd7
34. f5 Nb6 35. g4 Na8 36. h4 Nc7 37. b4 Kc6 38. Nb1 Ne8 39. Nd2 Nd6 40. Nb3 Ne8
41. a3 Kb6 42. Nc5 a5 43. Ne6 axb4 44. axb4 Kc6 45. g5 hxg5 46. hxg5 Kd6 47. g6
Kd7 48. Ke3 Kd6 49. Kf2 Kd7 50. Kf3 Kd6 51. Kg4 Kd7 52. Kh5 Ke7 53. Kh4 Kd6 54.
Kg4 Kd7 55. Kg3 Kd6 56. Kf2 Kd7 57. Ke2 Kc6 58. Kd2 Kd7 59. Nc5+ Kc6 60. Kd3
Nd6 61. Nb3 Ne8 62. Nc1 Kd6 63. Ne2 Kc6 64. Nc3 Nc7 65. Nd1 Ne8 66. Ne3 Nc7 67.
Ke2 Kd6 68. Kf3 Kc6 69. Kg3 Kd6 70. Kh4 Kd7 1/2-1/2

[Event "XXV Festival A"]
[Site "Porto San Giorgio ITA"]
[Date "2014.08.23"]
[Round "2"]
[White "Draskovic, Luka"]
[Black "Bisi, Samuele"]
[WhiteElo "2337"]
[BlackElo "2132"]
[Result "1-0"]
[PlyCount "53"]
[EventDate "2014.08.22"]

1. e4 e5 2. Nf3 Nc6 3. d4 exd4 4. Nxd4 Nf6 5. Nc3 Bb4 6. Nxc6 bxc6 7. Bd3 d5 8.
exd5 cxd5 9. O-O O-O 10. Bg5 c6 11. Qf3 Be7 12. Rfe1 h6 13. Bxh6 gxh6 14. Qe3
Bd6 15. Qxh6 Be6 16. Qg5+ Kh8 17. Qh6+ Kg8 18. Re3 Re8 19. Rae1 Bd7 20. Rxe8+
Bxe8 21. Re3 Bd7 22. Rf3 Ne4 23. Bxe4 dxe4 24. Nxe4 Be5 25. Nf6+ Qxf6 26. Rxf6
Bxf6 27. Qxf6 1-0

[Event "XXV Festival A"]
[Site "Porto San Giorgio ITA"]
[Date "2014.08.23"]
[Round "2"]
[White "Ljubisavljevic, Zivojin Z."]
[Black "Bentivegna, Francesco"]
[WhiteElo "2132"]
[BlackElo "2302"]
[Result "1/2-1/2"]
[PlyCount "85"]
[EventDate "2014.08.22"]

1. e4 e5 2. Nf3 Nc6 3. Nc3 Nf6 4. d4 Bb4 5. d5 Ne7 6. Qd3 O-O 7. Bd2 d6 8. h3
c6 9. dxc6 bxc6 10. a3 Ba5 11. b4 Bc7 12. b5 d5 13. bxc6 Nxe4 14. Nxe4 Bf5 15.
Bb4 Bxe4 16. Qa6 Bxf3 17. gxf3 Re8 18. Rd1 Nf5 19. Qd3 Qf6 20. Qxd5 e4 21. fxe4
Ng3 22. fxg3 Bxg3+ 23. Kd2 Rad8 24. Bc4 Rxe4 25. Qxd8+ Qxd8+ 26. Kc3 Qf6+ 27.
Kb3 Qxc6 28. Rd8+ Re8 29. Bd5 Qb5 30. c4 Qxb4+ 31. axb4 Rxd8 32. Rd1 Kf8 33. c5
f5 34. Kc4 Rd7 35. b5 g5 36. Ra1 Re7 37. Ra6 Kg7 38. Be6 f4 39. Bd5 Bf2 40. b6
axb6 41. cxb6 Bxb6 42. Rxb6 h5 43. Kd4 1/2-1/2

[Event "XXV Festival A"]
[Site "Porto San Giorgio ITA"]
[Date "2014.08.23"]
[Round "2"]
[White "Marsili, Riccardo"]
[Black "Moroni, Luca jr"]
[WhiteElo "2136"]
[BlackElo "2344"]
[Result "1/2-1/2"]
[PlyCount "111"]
[EventDate "2014.08.22"]

1. c4 e6 2. g3 d5 3. Bg2 dxc4 4. Qa4+ Nd7 5. Qxc4 a6 6. Qc2 Ngf6 7. Nf3 c5 8.
O-O b5 9. a4 Bb7 10. Nc3 Qb6 11. d3 Be7 12. axb5 axb5 13. Rxa8+ Bxa8 14. Qb3
Bc6 15. Nd2 Bxg2 16. Kxg2 b4 17. Nce4 Qc6 18. Kg1 Nd5 19. Nf3 O-O 20. Ned2 Bf6
21. Nc4 h6 22. Bd2 Ra8 23. Rc1 Ra6 24. Ne3 Qa4 25. Qxa4 Rxa4 26. d4 Nxe3 27.
Bxe3 cxd4 28. Bxd4 Ra2 29. Rc8+ Kh7 30. Rc7 e5 31. Be3 Nf8 32. b3 Rb2 33. Rc4
Rxb3 34. Bc5 Rb1+ 35. Kg2 b3 36. Nd2 Rb2 37. Nxb3 Ne6 38. Nc1 Bg5 39. Nd3 Rxe2
40. h4 Bf6 41. Be3 g6 42. Ra4 Rc2 43. Re4 Nd4 44. Nxe5 Nf5 45. Ba7 Kg7 46. Ng4
Ra2 47. Nxf6 Rxa7 48. Nd5 h5 49. Ne3 Nd6 50. Rd4 Ra6 51. Rd2 Ne4 52. Rb2 Ra7
53. Rc2 f5 54. Nd5 Rd7 55. Nf4 Kf7 56. Rb2 1/2-1/2

[Event "XXV Festival A"]
[Site "Porto San Giorgio ITA"]
[Date "2014.08.23"]
[Round "2"]
[White "Naumkin, Igor"]
[Black "Zamengo, Fulvio"]
[WhiteElo "2448"]
[BlackElo "2178"]
[Result "1/2-1/2"]
[PlyCount "128"]
[EventDate "2014.08.22"]

1. d4 Nf6 2. Nf3 g6 3. c4 Bg7 4. Nc3 d5 5. cxd5 Nxd5 6. Bd2 O-O 7. Rc1 Nb6 8.
Bg5 Bg4 9. e3 N8d7 10. Be2 c6 11. h3 Be6 12. O-O f6 13. Bh4 Bf7 14. Qc2 Qe8 15.
Bg3 Kh8 16. Ne4 a5 17. a3 a4 18. Nfd2 f5 19. Nc5 Qc8 20. Rfd1 e5 21. Nxd7 Nxd7
22. dxe5 Nxe5 23. e4 fxe4 24. Qxe4 Bd5 25. Qb4 Qf5 26. Nf1 Qe4 27. Qxe4 Bxe4
28. Ne3 Rad8 29. Bh4 Rxd1+ 30. Rxd1 b5 31. f3 Bf5 32. f4 Nc4 33. Bxc4 bxc4 34.
Nxc4 Be6 35. Ne5 Bd5 36. Rd4 Bh6 37. g3 g5 38. Bxg5 Bxg5 39. fxg5 Rf5 40. Ng4
Rxg5 41. Rxa4 h5 42. Ne3 Rxg3+ 43. Kf2 Rf3+ 44. Ke2 Rxh3 45. Nxd5 cxd5 46. Rb4
Kg7 47. a4 Rh1 48. a5 Ra1 49. Rb5 Ra2 50. Kd3 h4 51. b4 Ra1 52. Kc3 h3 53. Rxd5
h2 54. Rh5 h1=Q 55. Rxh1 Rxh1 56. b5 Kf6 57. a6 Ra1 58. Kc4 Ke6 59. Kc5 Kd7 60.
Kb6 Kc8 61. Ka7 Rb1 62. b6 Rb2 63. b7+ Kc7 64. b8=Q+ Rxb8 1/2-1/2

[Event "XXV Festival A"]
[Site "Porto San Giorgio ITA"]
[Date "2014.08.23"]
[Round "2"]
[White "Romanishin, Oleg M."]
[Black "Pescatore, Lorenzo"]
[WhiteElo "2509"]
[BlackElo "2246"]
[Result "1-0"]
[PlyCount "99"]
[EventDate "2014.08.22"]

1. d4 Nf6 2. Nf3 e6 3. g3 b5 4. Bg5 Bb7 5. Bxf6 Qxf6 6. Bg2 c5 7. O-O cxd4 8.
Nxd4 Bxg2 9. Kxg2 a6 10. c3 Bc5 11. Qd3 Bxd4 12. cxd4 Nc6 13. e3 O-O 14. Nd2
Rfc8 15. Rac1 Qe7 16. a3 d6 17. Kg1 d5 18. Nb3 Nd8 19. Nc5 Nb7 20. Nxb7 Qxb7
21. Rc5 Rc6 22. b4 Rxc5 23. dxc5 Qc6 24. Qc3 f6 25. Rd1 Rc8 26. h4 a5 27. Qb3
a4 28. Qa2 Kf7 29. e4 Rd8 30. Rd4 Rd7 31. Qd2 Ke8 32. exd5 Rxd5 33. Rxd5 exd5
34. Qf4 d4 35. Qxd4 Kf7 36. Qd3 g6 37. Kf1 Qh1+ 38. Ke2 Qc6 39. Kd2 h5 40. Kc3
Qe6 41. Kd2 Qc6 42. Ke2 Kg7 43. Qf3 Qe6+ 44. Kf1 Qb3 45. Kg2 Kf7 46. Qb7+ Ke6
47. Qc6+ Ke7 48. Qd6+ Kf7 49. Qd7+ Kf8 50. c6 1-0

[Event "XXV Festival A"]
[Site "Porto San Giorgio ITA"]
[Date "2014.08.23"]
[Round "2"]
[White "Rossi, Aldo A."]
[Black "Mogranzini, Roberto"]
[WhiteElo "2262"]
[BlackElo "2496"]
[Result "1/2-1/2"]
[PlyCount "40"]
[EventDate "2014.08.22"]

1. d4 Nf6 2. Nf3 g6 3. g3 Bg7 4. Bg2 O-O 5. O-O d5 6. c4 dxc4 7. Na3 Nc6 8.
Nxc4 Be6 9. b3 Bd5 10. Bb2 a5 11. a4 Qc8 12. Qc1 Rd8 13. Rd1 h6 14. Nfe5 Bxg2
15. Kxg2 Qe6 16. Nxc6 Qxc6+ 17. f3 e6 18. Qd2 b6 19. Rac1 Qb7 20. e4 g5 1/2-1/2

[Event "XXV Festival A"]
[Site "Porto San Giorgio ITA"]
[Date "2014.08.23"]
[Round "2"]
[White "Seyfried, Claus"]
[Black "Drasko, Milan"]
[WhiteElo "2180"]
[BlackElo "2437"]
[Result "0-1"]
[PlyCount "84"]
[EventDate "2014.08.22"]

1. d4 Nf6 2. c4 e6 3. Nc3 Bb4 4. Qc2 O-O 5. e4 d6 6. a3 Bxc3+ 7. bxc3 Nbd7 8.
Bd3 c5 9. Ne2 Qc7 10. O-O b5 11. e5 bxc4 12. Bxc4 dxe5 13. dxe5 Nxe5 14. Bf4
Bb7 15. Rab1 Be4 16. Bxe5 Qxe5 17. Bd3 Bc6 18. Rfe1 Qc7 19. Ng3 Rab8 20. h3
Rxb1 21. Rxb1 Rb8 22. Rxb8+ Qxb8 23. Ne4 Bxe4 24. Bxe4 g6 25. g3 c4 26. Bg2 Qb3
27. Qd2 Qxa3 28. Qd4 Nd5 29. Bxd5 exd5 30. Qe5 a5 31. h4 h5 32. g4 hxg4 33. h5
Qc1+ 34. Kg2 gxh5 35. Qe8+ Kg7 36. Qe5+ Kg6 37. Qd6+ f6 38. Qxd5 Qxc3 39. Qg8+
Kh6 40. Qh8+ Kg5 41. Qg7+ Kh4 42. Qc7 Qf3+ 0-1